|
|
|
|
| LEADER |
00000nam1a2200000 4500 |
| 001 |
318596 |
| 005 |
20231102003107.0 |
| 035 |
|
|
|a (RuTPU)RU\TPU\book\344094
|
| 090 |
|
|
|a 318596
|
| 100 |
|
|
|a 20160428d1983 k y0rusy50 ca
|
| 101 |
0 |
|
|a rus
|
| 102 |
|
|
|a RU
|
| 200 |
1 |
|
|a Советско-французские отношения во время Великой Отечественной войны : документы и материалы
|e в 2 т.
|f СССР, Министерство иностранных дел
|
| 210 |
|
|
|a Москва
|c Политиздат
|d 1983
|
| 712 |
0 |
1 |
|a СССР
|b Министерство иностранных дел
|c (1946-1991)
|2 stltpush
|3 (RuTPU)RU\TPU\col\14704
|9 25988
|
| 801 |
|
1 |
|a RU
|b 63413507
|c 20160428
|
| 801 |
|
2 |
|a RU
|b 63413507
|c 20180413
|g RCR
|
| 942 |
|
|
|c BK
|